000 01348nam a2200349 i 4500
003 DO-SdBNP
005 20260321073646.0
007 ta
008 250429b2018 pr ac||| |||| 00| 0 spa d
020 _a9781935892977
040 _aDO-SdBNP
_bspa
_cBNPHU
_erda
041 _hspa
082 4 _aRD864.5
_bV635j, 2018
_222
100 1 _aVicioso, Sherezada,
_d1948-
_919504
_4aut.
_eautor
245 1 0 _aJulia de Burgos en Santo Domingo/
_cSherezada Vicioso ; editor, Pablo Marcial Ortiz Ramos
264 4 _aSan Juan, Puerto Rico :
_bEditorial Patria, Inc.,
_c©2018.
300 _a182 paginas :
_bilustraciones, retratos ;
_c23 cm.
336 _atexto
_btxt
_2rdacontent
337 _asin mediación
_bn
_2rdamedia
338 _avolumen
_bnc
_2rdacarrier
500 _aIncluye datos biográficos del autor en la solapa de la cubierta
590 _aInventariado, 2025/BT
600 1 4 _aBurgos, Julia de,
_d1914-1953
_914090
600 1 4 _aBurgos, Julia de,
_d1914-1953
_xCrítica e interpretación
_98825
600 1 0 _a Bosch, Juan,
_d1909-2001
_vEntrevistas
_976555
600 1 0 _aJimenes Grullón, Juan Isidro,
_d1903-1983
_92482
650 4 _aPoetas puertorriqueños
_ySiglo XX
_938732
_vBiografías
650 4 _aLiteratura puertorriqueña
_9250
700 1 _aOrtiz Ramos, Pablo Marcial,
_eeditor
_4ed.
_987569
910 _aBtavárez
942 _2ddc
_cLBS1
999 _c58854
_d58854